| 000 | 00673nam a2200205Ii 4500 | ||
|---|---|---|---|
| 003 | JO-AjNU | ||
| 008 | 230605s9999||||xx |||||||||||||| ||und|| | ||
| 040 |
_aJO-AjNU _bara _erda _cJO-AjNU |
||
| 041 | _aara | ||
| 050 | 1 | 4 | _aBP134 2000 |
| 100 | 3 |
_aالمويل، محمد كمال؛ مراجعة وتفديم مصطفى سعيد الخن, _eauthor _99438 |
|
| 245 | 0 | 0 | _aالحوار في القرآن الكريم |
| 250 | _aط1 | ||
| 264 | 3 | 1 | _aدمشق: دار الفارابي، 2000 |
| 300 | _a256ص | ||
| 336 |
_atext _btxt _2rdacontent |
||
| 337 |
_aunmediated _bn _2rdamedia |
||
| 338 |
_avolume _bnc _2rdacarrier |
||
| 650 | 4 |
_aالحوار في القران _99439 |
|
| 999 |
_aA1302 _c4870 _d4870 |
||